00976nam a22002537a 450000500170000001000130001702000220003003500130005203700160006504000120008108200170009310000280011024500890013826000500022727000500027730000290032749000370035650000470039365000580044065000550049894200260055399900190057995201240059820170124105936.0 aA-291693 a8120703963c00.00 aA-291693 bCen Lib/Ret aDPLbEN a355.343bNAI aNair, Kunhanandan99822 aDevil and his dart :cKunhanandan Nairbhow the CIA is plotting in the third World / aNew DelhibSterling Publishers (P) Ltd.c1986 aL-10 Green Park ExtensionbNew Delhie110016 aix156p. :c21cm(Hb)bill aWomen in South Asia Series W 013 aIncludes bibliographical references index. aUnited States. -- Central Intelligence Agency. 99823 aEspionage, American -- Developing countries.99824 2ddccENh355.343mNAI c124219d124219 00104070aLbLd2015-06-15eCen Lib/Retg0.00l0o355.343 NAIpA-291693r2015-06-15 00:00:00t1v0.00w2015-06-15yEN